Culture générale - Statistiques

Statistiques générales
  • Ce quiz a été pris 1 425 fois
    1 424 depuis la dernière actualisation
  • Le résultat moyen est 13 sur 28
Statistiques - réponses
Hint Réponse % Correct
Quelle est la capitale du Canada ? Ottawa
90%
Le théorème de Pythagore s'applique sur un triangle ... Rectangle
89%
Combien de points a sur son permis un conducteur exemplaire ? 12
86%
Quel animal était Laïka, le premier être vivant mis en orbite autour de la Terre ? Chienne
85%
Quel constructeur automobile produit la Punto ? Fiat
83%
Qui a créé Facebook ? Mark Zuckerberg
83%
Quel est le plat préféré des tortues Ninja ? Pizza
77%
Quel train relie la France au Royaume Uni par le tunnel sous la Manche ? Eurostar
71%
Have a break, have a ... Kit-Kat
71%
Quelle ville de l'actuelle Russie se nommait Léningrad ? Saint Petersbourg
71%
Quelle comune accueille Disneyland Paris ? Marne-la-Vallée
58%
Que crée un verbicruciste ? Des mots croisés
53%
Dans quel sport peut-on réaliser un triple Lutz ? (mais pas dès la première leçon !) Patinage artistique
48%
Comment s'appelle le mâle de l'oie domestique ? Jars
43%
Quel groupe formaient Catherine Ringer et Fred Chichin? Rita Mitsouko
42%
Quelle actrice a affronté Alien dans 4 films ? Sigourney Weaver
41%
Quel est le prénom de Grosminet ? Sylvestre
37%
Qui a dit "Là où passe mon cheval, l'herbe ne repousse pas"? Attila
36%
Quelle coureuse française a été triple championne olympique dans les années 90 ? Marie José Perec
36%
Qui a peint le Radeau de la Méduse ? Théodore Géricault
34%
Quelle tenniswoman française gagne Roland Garros en 2000 ? Mary Pierce
30%
Quel fleuve traverse la ville de Liège ? La Meuse
22%
Dans quelle ville américaine se déroule principalement le film Sueurs froides de Hitchcock ? San Francisco
20%
Quel célèbre animal est aussi connu sous le nom de Carcharodon carcharias ? Grand requin blanc
11%
Qui a écrit la Chronique des Vampires ? (Entretien avec un vampire, etc) Anne Rice
10%
A quel inquiétant colonel sont régulièrement confrontés Francis Blake et Philip Mortimer ? Olrik
8%
Qui était le chanteur du groupe The Smiths ? Morrissey
7%
Sous quel nom d'artiste était plus connue Léonie Bathiat ? Arletty
6%
Aucun quiz correspondant
Distribution des résultats
% des personnes avec chaque résultat
Percentile par nombre de réponses
Votre historique - résultats
Vous n’avez pas pris ce quiz depuis la dernière actualisation